000 02276 a2200253 4500
001 49405
005 20260407155757.0
008 260407a2018 arg spa d
003 AR-UNSa-BCEJYS
040 _aAR-UNSa-BCEJYS
_bspa
_cAR-UNSa-BCEJYS
080 _a336.225
_xMétodo de tributación y administración de impuestos
245 1 0 _aProcedimiento tributario
_pLey 11.683, Decreto 618/97
020 _a978-987-03-3616-7
250 _a9a. ed.
264 1 _aBuenos Aires :
_bLa Ley
_c2018
300 _acxxx, 1104 p.
_c24 cm.
505 _a1. Disposiciones generales / Teresa Gómez - 2. Sujetos de los deberes impositivos / Carlos María Folco - 3. Determinación y percepción de impuestos / Teresa Gómez - 4. Del pago / Carlos María Folco - 5. Verificación y calificación / Carlos María Folco - 6. Intereses, ilícitos y sanciones / Teresa Gómez - 7. Responsables de las sanciones / Teresa Gómez - 8. De la prescripción / Carlos María Folco - 9. Procedimiento penal y contencioso administrativo / Teresa Gómez - 10. Procedimiento contencioso judicial / Carlos María Folco - 11. Juicio de ejecución fiscal / Carlos María Folco - 12. Disposiciones varias / Carlos María Folco - 13. Regímenes especial de fiscalización / Carlos María Folco - 14. Cuestas de jerarquización / Teresa Gómez - 15. Régimen de actualización / Teresa Gómez - 16. Regímenes de promoción / Teresa Gómez - - Título II: 1. De la organización y competencia de los Tribunales Fiscales y actualización ante ellos / Teresa Gómez - 2. De las acciones y recursos / Teresa Gómez - 3. De la sentencia del tribunal / Teresa Gómez - 4. Disposiciones generales / Teresa Gómez - - Título III: Otras disposiciones / Teresa Gómez - - Título IV: (Título incorporado por Art. 244 de la Ley 27.430 BO/2912/2017): 1. Procedimientos de acuerdo mutuo previstos en los convenios para evitar la doble imposición internacional - 2. Determinaciones conjuntas de precios de operaciones internacionales / Carlos María Folco.
041 _aspa
942 _cBK
590 _aniveau_biblio:m niveau_hierar:0
100 1 _aGómez, Teresa
700 1 _aFolco, Carlos Maria
856 4 1 _uhttps://www.biblioeco.unsa.edu.ar/pmb/images/libros/L128057.jpg
_yImagen de portada
_qimage/jpeg
999 _c4823
_d4823